000 02094nam a2200337 4500
001 113519
003 DR-UNIBE
005 20260317115107.0
008 250429b2010 ec ||||| |||| 00| 0 spa d
020 _a9789978928769
020 _a9978928766
040 _aBIBLIOTECA UNIBE
_cBIBLIOTECA UNIBE
_bspa
_erda
041 _aspa
082 _222
_a 342.8 E19n
110 1 0 _aEcuador. Corte Constitucional para el Período de Transición
_9194709
245 1 3 _aEl nuevo constitucionalismo en América Latina :
_bmemorias del encuentro internacional El Nuevo Constitucionalismo : desafíos y retos para el siglo XXI /
_ccuidado de la edición: Ángel Oleas Gallo ; corrección de estilo: Andrea Ávila Jácome ; transcripción de textos: Mónica Reyes, José Luis Espinoza, Alejandra Tapia ; diagramación y diseño: Sutti Arte & Comunicación
250 _aPrimera edición
260 _aQuito :
_bCorte Constitucional,
_c2010
300 _a92 páginas ;
_c22 x 14 cm
500 _aComentario de la obra en las solapas
505 _aPresentación | I. Aspectos generales del nuevo constitucionalismo latinoamericano. Riberto Viciano y Rubén Martínez | II. Los retos del constitucionalismo en el siglo XXI. Miguel Carbonell | III. Neoconstitucionalismo y uso alternativo del derecho. José Antonio Martín Pallín | IV. Los derechos económicos y sociales en el nuevo constitucionalismo. Carlos Gaviria Díaz | V. Mutaciones constitucionales; nuevo rol del la interpretación constitucional. Carlos Alberto López Cadena
651 7 _aAmérica Latina
_xHistoria constitucional
_9194711
651 7 _aAmérica Latina
_xDerecho constitucional
_9194712
700 1 0 _aOleas Gallo, Ángel
_9194713
_ecuidado de la edición
700 1 0 _aÁvila Jácome, Andrea
_9194714
_ecorrector de estilo
700 1 0 _aReyes, Mónica
_9194715
_etranscriptor de textos
700 1 0 _aEspinoza, José Luis
_9194716
_etranscriptor de textos
700 1 0 _aTapia, Alejandra
_9194717
_etranscriptor de textos
710 1 0 _aSutti Arte & Comunicación
_9194718
_ediagramador
_ediseñador
942 _2ddc
_cBK
999 _c113519
_d113519